00467nam a22001337a 4500003000500000038001800005082000800023100002600031245012700057264003500184650002100219700003500240856005800275NUST aNusrat Nadeem a200 aFatima, Syeda Tahreem aGranularity Meets Noise: Exploring Document–Proposition Combinations for LLM Question Answering/cSyeda Tahreem Fatima,  aIslamabad:bSEECS NUST.c2025. aMS- Data Science aSupervisor: Dr. Syed Imran Ali u http://10.250.8.41:8080/xmlui/handle/123456789/55567